• 首页
  • 本馆介绍
  • 公告通知
  • 最新文献
  • 馆藏检索
  • 电子资源
  • 读者导购
  • 参考咨询
  • 我的图书馆
  • 登录
  • 详细信息显示
  • 放入我的书架
  • 预约/预借图书
  • 作者相关作品
  • 分类相关作品
  • 丛书相关作品
  • 出版社相关作品

书目信息

  • 表格格式
  • 工作单格式
  • 卡片格式
题名:
吉他直通车
    
 
作者: 刘天礼编配
分册: 2  
出版信息: 北京   蓝天出版社  2002
页数: 116页
开本: 26cm
丛书名: 刘天礼吉他系列丛书
单 册:
中图分类: J623.2
科图分类:
主题词: 六弦琴--奏法
电子资源:
ISBN: 7-80158-221-7
000 00808oam2 2200241 45
001 012002061186
005 20050322165125.7
010    @a7-80158-221-7@dCNY10.00
100    @a20020801d2002 em y0chiy0110 ea
101 0  @achi
102    @aCN@b110000
105    @aag z 000yy
200 1  @a吉他直通车@Aji ta zhi tong che@h2@f刘天礼编配@FLiu Tian Li Bian Pei
210    @a北京@c蓝天出版社@d2002
215    @a116页@c照片@d26cm
225 2  @a刘天礼吉他系列丛书
330    @a本书包含歌曲伴唱部分、独奏乐曲部分、吉他问答、歌星小档案、基础知识五部分内容,介绍了简单爱、蜗牛、温柔的晚安、渔舟唱晚、舒伯特小夜曲、玫瑰花等乐曲。
410    @12001 @a刘天礼吉他系列丛书
606 0  @a六弦琴@x奏法
690    @aJ623.2@v4
701  0 @a刘天礼编配
801  0 @aCN@bNLC@c20020807
905    @f5@b345545-549@dJ623.2@e133
    
    吉他直通车.2/刘天礼编配.-北京:蓝天出版社,2002
    116页:照片;26cm.-(刘天礼吉他系列丛书)
    
    
    ISBN 7-80158-221-7:CNY10.00
    本书包含歌曲伴唱部分、独奏乐曲部分、吉他问答、歌星小档案、基础知识五部分内容,介绍了简单爱、蜗牛、温柔的晚安、渔舟唱晚、舒伯特小夜曲、玫瑰花等乐曲。
●
相关链接 在E读中查询图书 在五车中查询图书 在当当中查询图书 在豆瓣中查询图书


正题名:吉他直通车     索取号:J623.2/133         预约/预借

序号 登录号 条形码 馆藏地/架位号 状态 备注
1 0345545   203455457   第一样本阅览室/ [索取号:J623.2/133] 在馆    
2 0345546   203455466   第一借阅区/ [索取号:J623.2/133] 在馆    
3 0345547   203455475   第一借阅区/ [索取号:J623.2/133] 在馆    
4 0345548   203455484   第一借阅区/ [索取号:J623.2/133] 在馆    
5 0345549   203455493   第一借阅区/ [索取号:J623.2/133] 在馆    
唐山师范学院图书馆 欢迎您!
大连网信软件有限公司© 版权所有